The invisible heart (Registro nro. 6082)

Detalles MARC
000 -LEADER
fixed length control field 01214 a2200217 4500
001 - CONTROL NUMBER
control field 56994
005 - DATE AND TIME OF LATEST TRANSACTION
control field 20260407155832.0
008 - FIXED-LENGTH DATA ELEMENTS--GENERAL INFORMATION
fixed length control field 260407a2001 arg spa d
003 - CONTROL NUMBER IDENTIFIER
control field AR-UNSa-BCEJYS
040 ## - CATALOGING SOURCE
Original cataloging agency AR-UNSa-BCEJYS
Language of cataloging spa
Transcribing agency AR-UNSa-BCEJYS
080 ## - UNIVERSAL DECIMAL CLASSIFICATION NUMBER
Universal Decimal Classification number 330
Common auxiliary subdivision Economía en general
020 ## - INTERNATIONAL STANDARD BOOK NUMBER
International Standard Book Number 0-262-18210-6
100 1# - MAIN ENTRY--PERSONAL NAME
Personal name Russell, Roberts
245 10 - TITLE STATEMENT
Title The invisible heart
Name of part/section of a work an economic romance
264 #1 - PRODUCTION, PUBLICATION, DISTRIBUTION, MANUFACTURE, AND COPYRIGHT NOTICE
Place of production, publication, distribution, manufacture Londres :
Name of producer, publisher, distributor, manufacturer Massachusetts Institute of Technology
Date of production, publication, distribution, manufacture, or copyright notice 2001
300 ## - PHYSICAL DESCRIPTION
Extent 271 p.
Dimensions 21 cm.
505 ## - FORMATTED CONTENTS NOTE
Formatted contents note 1. Opening day – 2. Beauty and the beast – 3. Danger and delight – 4. Têtê à têtê – 5. Underpaid and overworked – 6. Turning out the lights – 7. Exploting the consumer – 8. Magic finger – 9. The siren´s call – 10. Down and dirty – 11. Out in the cold – 12. The cornered beast – 13. The rules of the game – 14. Serious numbers – 15. Sweet charity – 16. The numbers are Heard – 17. Swimming with the tide – 18. Last class – 19. Repairing the world – 20. Show time – 21. Spare change
590 ## - LOCAL NOTE (RLIN)
Local note niveau_biblio:m niveau_hierar:0
856 41 - ELECTRONIC LOCATION AND ACCESS
Uniform Resource Identifier <a href="https://biblioeco.unsa.edu.ar/pmb/images/libros/L128634.jpg">https://biblioeco.unsa.edu.ar/pmb/images/libros/L128634.jpg</a>
Link text Imagen de portada
Electronic format type image/jpeg
942 ## - ADDED ENTRY ELEMENTS (KOHA)
Koha item type
Existencias
Withdrawn status Lost status Damaged status Not for loan Home library Current library Shelving location Date acquired Total checkouts Full call number Barcode Date last seen Price effective from Koha item type
        Biblioteca Prof. Eusebio Cleto del Rey Biblioteca Prof. Eusebio Cleto del Rey   07/04/2026   330 R958 L128634 07/04/2026 07/04/2026 Libro